| 000 | 00000nam 2200000zi 4500 |
| 001 | 9.939991 |
| 003 | CaOODSP |
| 005 | 20240628101222 |
| 006 | m o d f |
| 007 | cr mn||||||||| |
| 008 | 240628t19761976onca o f000 0 eng d |
| 040 | |aCaOODSP|beng|erda|cCaOODSP |
| 043 | |an------ |
| 086 | 1 |aCW66-36/1976E-PDF |
| 100 | 1 |aHines, Bob, |eauthor. |
| 245 | 10|aDucks at a distance : |ba waterfowl identification guide / |cby Bob Hines. |
| 264 | 1|a[Ottawa] : |bCanadian Wildlife Service, Environment Canada, |c[1976] |
| 264 | 4|c©1976 |
| 300 | |a1 online resource (19 pages, 4 unnumbered pages) : |billustrations (some colour) |
| 336 | |atext|btxt|2rdacontent |
| 337 | |acomputer|bc|2rdamedia |
| 338 | |aonline resource|bcr|2rdacarrier |
| 500 | |aDigitized edition from print [produced by Environment and Climate Change Canada]. |
| 650 | 0|aDucks|zNorth America|vIdentification. |
| 650 | 0|aWaterfowl|zNorth America|vIdentification. |
| 650 | 6|aCanards|zAmérique du Nord|vIdentification. |
| 650 | 6|aGibier d'eau|zAmérique du Nord|vIdentification. |
| 655 | 7|aField guides|2lcgft |
| 655 | 7|aGuides d'identification|2rvmgf |
| 710 | 2 |aCanadian Wildlife Service, |eissuing body. |
| 856 | 40|qPDF|s8.29 MB|uhttps://publications.gc.ca/collections/collection_2024/eccc/cw66/CW66-36-1976-eng.pdf |